[Event "67th ch-RUS HL 2014"]
[Site "Vladivostok RUS"]
[Date "2014.06.13"]
[Round "9.13"]
[White "Bukavshin, Ivan"]
[Black "Stukopin, Andrey"]
[Result "1/2-1/2"]
[WhiteTitle "GM"]
[BlackTitle "GM"]
[WhiteElo "2607"]
[BlackElo "2546"]
[WhiteFideId "4199758"]
[BlackFideId "24107131"]
[EventDate "2014.06.04"]

1. d4 Nf6 2. c4 e6 3. Nf3 d5 4. e3 dxc4 5. Bxc4 a6 6. O-O c5 7. Nc3 b5 8. Be2
Nbd7 9. d5 exd5 10. Nxd5 Bb7 11. Nxf6+ Qxf6 12. a4 b4 13. e4 Bd6 14. Bg5 Qe6 15.
Bc4 Qxc4 16. Qxd6 Qe6 17. Bf4 Rc8 18. Rfd1 Nf6 19. Nd2 Nxe4 20. Nxe4 Bxe4 21.
Rac1 Qxd6 22. Bxd6 b3 23. Rxc5 Rxc5 24. Bxc5 Bf5 25. Rd6 Bc8 26. Rb6 h5 27. Rxb3
Rh6 28. Rb8 Kd7 29. Be3 Rc6 30. h3 g6 31. Kh2 Rc4 32. b3 Re4 33. Rb6 Kc7 34. a5
Re6 35. Bf4+ Kd7 36. Rb8 Rf6 37. Be3 Rf5 38. b4 Rb5 39. Rxb5 axb5 40. Kg3 Ke6
41. Kf4 Bb7 42. f3 f5 43. Kg5 Kf7 44. Bb6 Bc8 45. Bc7 Bb7 46. Bh2 Bc8 47. h4 Bb7
48. g4 fxg4 49. fxg4 hxg4 50. Kxg4 Kf6 51. Kf4 Ke6 52. Bg1 Kd6 53. Bh2 Kd7 54.
Ke5 Bg2 55. a6 Kc6 56. Bg1 Kc7 57. Ba7 Bf1 58. Kd5 Bg2+ 59. Kc5 Bf1 60. Bb6+ Kb8
61. Kc6 Ka8 62. Bc5 Be2 63. a7 Bf1 64. Kd6 Bd3 65. Ke5 Bf1 66. Ke4 1/2-1/2

[Event "67th ch-RUS HL 2014"]
[Site "Vladivostok RUS"]
[Date "2014.06.13"]
[Round "9.14"]
[White "Goganov, Aleksey"]
[Black "Iskusnyh, Sergei"]
[Result "0-1"]
[WhiteTitle "GM"]
[BlackTitle "GM"]
[WhiteElo "2591"]
[BlackElo "2478"]
[WhiteFideId "24109959"]
[BlackFideId "4120027"]
[EventDate "2014.06.04"]

1. d4 d5 2. c4 c6 3. Nf3 Nf6 4. g3 Bf5 5. Nc3 e6 6. Nh4 Be4 7. f3 Bg6 8. Qb3 Qb6
9. Nxg6 hxg6 10. c5 Qc7 11. Bf4 Qc8 12. e4 Nh5 13. O-O-O Nxf4 14. gxf4 Be7 15.
Bd3 Bh4 16. Kb1 Nd7 17. exd5 exd5 18. f5 g5 19. Qc2 Nf6 20. Qe2+ Kf8 21. f4 Qc7
22. fxg5 Bxg5 23. Qg2 Qf4 24. Rhg1 Bh6 25. Ne2 Qh4 26. h3 Re8 27. Qh2 Ne4 28.
Rg4 Qf2 29. Rg2 Qxf5 30. Ng3 Qf3 31. Be2 Qf4 32. Nxe4 Qxh2 33. Rxh2 Rxe4 34. Bf3
Re3 35. Rf2 g6 36. Kc2 Bg7 37. Bg2 Rh4 38. Rfd2 Rg3 39. Bf1 a5 40. b3 Rf4 0-1

[Event "67th ch-RUS HL 2014"]
[Site "Vladivostok RUS"]
[Date "2014.06.13"]
[Round "9.15"]
[White "Maletin, Pavel"]
[Black "Nevostrujev, Vladimir"]
[Result "1-0"]
[WhiteTitle "GM"]
[BlackTitle "GM"]
[WhiteElo "2588"]
[BlackElo "2421"]
[WhiteFideId "4146786"]
[BlackFideId "4114345"]
[EventDate "2014.06.04"]

1. c4 e5 2. g3 Nf6 3. Bg2 d5 4. cxd5 Nxd5 5. Nc3 Nb6 6. Nf3 Nc6 7. O-O Be7 8. a3
O-O 9. d3 Re8 10. b4 Bf8 11. Bb2 g6 12. e3 Bg7 13. Qc2 Ne7 14. Ne4 Nf5 15. Rfd1
Nd6 16. Nc5 a5 17. Qb3 axb4 18. axb4 Rxa1 19. Bxa1 Nb5 20. h3 c6 21. d4 exd4 22.
Nxd4 Nxd4 23. Bxd4 Bxd4 24. Rxd4 Qe7 25. Re4 Qf8 26. Rf4 Rd8 27. h4 Qe7 28. Qb2
Nd7 29. Ne4 f5 30. Ng5 Nf6 31. Bf1 h6 32. Bc4+ Kf8 33. Nf7 Rd1+ 34. Kg2 Be6 35.
Ne5 Kg7 36. Be2 Rd8 37. Kg1 Kh7 38. h5 g5 39. Ng6 Qg7 40. Rd4 Rxd4 41. Qxd4 Nxh5
42. Bxh5 Bf7 43. Ne5 Bxh5 44. Qd6 f4 45. g4 Bg6 46. Nd7 Qf7 47. Nf8+ Kg7 48.
Ne6+ Kh7 49. exf4 gxf4 50. Nxf4 Be4 51. Kh2 Bd5 52. Kg3 Be4 53. f3 Bd5 54. b5
Bb3 55. bxc6 bxc6 56. Qxc6 Ba2 57. Qe4+ Kg8 58. Nh5 Be6 59. Qe5 Ba2 60. f4 Qa7
61. Kh3 Qa3+ 62. Kh4 Qa7 63. Qe8+ Kh7 64. Qe4+ Kh8 65. Nf6 Qf7 66. Qe5 Bb3 67.
f5 Ba2 68. Ne4+ Kg8 69. Nd6 Qg7 70. Qe8+ Qf8 71. Qg6+ Qg7 72. Kh5 Bb3 73. Qxh6
Qe5 74. Qg5+ Kh7 75. Qg6+ Kh8 76. Kg5 Qe3+ 77. Kf6 Qc3+ 78. Ke7 Qc7+ 79. Kf8
Qb8+ 80. Ne8 Qb4+ 81. Qd6 1-0

[Event "67th ch-RUS HL 2014"]
[Site "Vladivostok RUS"]
[Date "2014.06.13"]
[Round "9.16"]
[White "Oparin, Grigoriy"]
[Black "Airapetian, Gor"]
[Result "1/2-1/2"]
[WhiteTitle "GM"]
[BlackTitle "IM"]
[WhiteElo "2552"]
[BlackElo "2472"]
[WhiteFideId "24125890"]
[BlackFideId "4177916"]
[EventDate "2014.06.04"]

1. e4 c6 2. Nc3 d5 3. Nf3 Bg4 4. h3 Bxf3 5. Qxf3 e6 6. Be2 Nf6 7. O-O dxe4 8.
Nxe4 Nxe4 9. Qxe4 Nd7 10. d4 Nf6 11. Qd3 Be7 12. c4 O-O 13. Be3 Qc7 14. Bf3 Rfd8
15. Rfd1 Rd7 16. Qc3 Rad8 17. a3 a5 18. Qb3 Ra8 19. Rd2 a4 20. Qc2 Qa5 21. Rad1
Rad8 22. g3 g6 23. Kg2 Bf8 24. Rd3 Bg7 25. h4 h5 26. Bg5 Rc8 27. b4 axb3 28.
Qxb3 Qf5 29. a4 Ra8 30. d5 exd5 31. cxd5 Nxd5 32. Bxd5 cxd5 33. Rxd5 Rxd5 34.
Qxd5 Qxd5+ 35. Rxd5 Rxa4 36. Rd8+ Kh7 37. Rd7 Kg8 38. Rd8+ Kh7 39. Rd7 Kg8 40.
Rd8+ Kh7 1/2-1/2

[Event "67th ch-RUS HL 2014"]
[Site "Vladivostok RUS"]
[Date "2014.06.13"]
[Round "9.17"]
[White "Looshnikov, Nikolai"]
[Black "Zhurikhin, Alexander"]
[Result "1-0"]
[WhiteTitle "IM"]
[BlackTitle "FM"]
[WhiteElo "2480"]
[BlackElo "2333"]
[WhiteFideId "4150104"]
[BlackFideId "4139569"]
[EventDate "2014.06.04"]

1. e4 c6 2. d4 d5 3. e5 c5 4. dxc5 Nc6 5. Bb5 e6 6. Be3 Ne7 7. c3 Bd7 8. Bxc6
Bxc6 9. Bd4 Nf5 10. Nf3 Nxd4 11. Qxd4 Qc7 12. b4 b6 13. cxb6 axb6 14. O-O Be7
15. Qe3 O-O 16. Nd4 Bd7 17. f4 Ra7 18. a3 Rfa8 19. Ra2 g6 20. Qd3 Ra4 21. Rc2
Bc8 22. Re1 Ba6 23. Qf3 Qc4 24. Rd1 Kh8 25. Qe3 Bb7 26. h3 Ba6 27. Kh2 Bf8 28.
g4 Bh6 29. Kg3 Bg7 30. h4 Bb7 31. Rf2 Bh6 32. Rf3 Bg7 33. Rh1 Qa2 34. h5 Kg8 35.
hxg6 hxg6 36. f5 Qc4 37. f6 Bf8 38. Kf4 1-0

[Event "67th ch-RUS HL 2014"]
[Site "Vladivostok RUS"]
[Date "2014.06.13"]
[Round "9.18"]
[White "Yuffa, Daniil"]
[Black "Chekhov, Sergei"]
[Result "0-1"]
[WhiteTitle "IM"]
[BlackTitle "IM"]
[WhiteElo "2444"]
[BlackElo "2467"]
[WhiteFideId "24131423"]
[BlackFideId "4195639"]
[EventDate "2014.06.04"]

1. d4 Nf6 2. c4 e6 3. g3 Bb4+ 4. Bd2 c5 5. Bxb4 cxb4 6. Bg2 O-O 7. e4 d6 8. a3
Qb6 9. Qd2 Nc6 10. Ne2 a5 11. O-O Bd7 12. b3 Rac8 13. h3 e5 14. Rd1 Rfe8 15. Kh2
h6 16. f3 a4 17. axb4 axb3 18. c5 Qxb4 19. cxd6 Qxd6 20. dxe5 Qxe5 21. Nbc3 Be6
22. f4 Qh5 23. e5 Red8 24. Qe1 Ng4+ 25. Kg1 Ne3 26. g4 Nxg2 27. Kxg2 Qg6 28. Qg3
Rxd1 29. Rxd1 Qc2 30. Rc1 Qd2 31. Rd1 Qc2 32. Rc1 Qb2 33. Rb1 Qa3 34. f5 Bc4 35.
g5 Qe7 36. gxh6 Qxe5 37. Qxg7+ Qxg7+ 38. hxg7 Kxg7 39. Nf4 Nd4 40. Ne4 Nxf5 41.
Nd2 Nd4 42. Kf2 b5 43. Rb2 Ra8 44. Ke3 Ra2 45. Rb1 Nf5+ 46. Ke4 Ng3+ 47. Ke3
Nf5+ 48. Ke4 Rxd2 49. Kxf5 b2 0-1

[Event "67th ch-RUS HL 2014"]
[Site "Vladivostok RUS"]
[Date "2014.06.13"]
[Round "9.19"]
[White "Diu, Viacheslav"]
[Black "Gritsenko, Andrey"]
[Result "1-0"]
[WhiteTitle "IM"]
[BlackTitle "IM"]
[WhiteElo "2468"]
[BlackElo "2418"]
[WhiteFideId "4167465"]
[BlackFideId "4197933"]
[EventDate "2014.06.04"]

1. e4 c5 2. Nf3 d6 3. d4 cxd4 4. Nxd4 Nf6 5. Nc3 a6 6. Bc4 e6 7. Bb3 b5 8. O-O
Be7 9. Qf3 Qc7 10. Qg3 O-O 11. Bh6 Ne8 12. Rad1 Kh8 13. Bg5 Bxg5 14. Qxg5 Nc6
15. Nxc6 Qxc6 16. Rd3 Bb7 17. Qe7 Kg8 18. Nd5 a5 19. Rh3 h6 20. Rg3 Bc8 21. Nf6+
Nxf6 22. Qxf6 g6 23. Rh3 h5 24. Re1 Qc5 25. e5 Qd4 26. c3 Qd2 27. Rd1 Qe2 28.
Re3 Qxb2 29. Rxd6 a4 30. Bd1 Qxa2 31. g4 Qb1 32. Kg2 a3 33. Rdd3 Bb7+ 34. Kg3
hxg4 35. Kxg4 Rfc8 36. Rh3 Rc4+ 37. Kg5 Qc1+ 38. Rde3 1-0

[Event "67th ch-RUS HL 2014"]
[Site "Vladivostok RUS"]
[Date "2014.06.13"]
[Round "9.20"]
[White "Gochelashvili, David"]
[Black "Nechaev, Oleg"]
[Result "1-0"]
[WhiteTitle "IM"]
[WhiteElo "2431"]
[BlackElo "2331"]
[WhiteFideId "4161203"]
[BlackFideId "24113409"]
[EventDate "2014.06.04"]

1. e4 c5 2. Nf3 Nc6 3. c3 d5 4. exd5 Qxd5 5. d4 cxd4 6. cxd4 e5 7. Nc3 Bb4 8.
Be2 exd4 9. O-O Bxc3 10. bxc3 Nge7 11. Nxd4 O-O 12. Nxc6 Qxc6 13. Ba3 Re8 14.
Rb1 Qxc3 15. Bxe7 Qe5 16. Bb5 Qxe7 17. Bxe8 Qxe8 18. Re1 Be6 19. Rxb7 Qc6 20.
Rxa7 Rb8 21. Qa4 Qc8 22. h3 h6 23. Qf4 Rb2 24. a4 Qc5 25. Rxe6 Qxa7 26. Re8+ Kh7
27. Qf5+ 1-0

[Event "67th ch-RUS HL 2014"]
[Site "Vladivostok RUS"]
[Date "2014.06.13"]
[Round "9.21"]
[White "Moiseenko, Vadim"]
[Black "Korniushin, Nikolay"]
[Result "1-0"]
[WhiteTitle "IM"]
[BlackTitle "IM"]
[WhiteElo "2474"]
[BlackElo "2357"]
[WhiteFideId "4123700"]
[BlackFideId "4123808"]
[EventDate "2014.06.04"]

1. e4 d6 2. d4 Nf6 3. Nc3 e5 4. dxe5 dxe5 5. Qxd8+ Kxd8 6. Bg5 Be7 7. Nf3 Nbd7
8. O-O-O Ne8 9. Bxe7+ Kxe7 10. Nd5+ Kf8 11. Bc4 c6 12. Ne3 f6 13. a4 Nc5 14. Rd8
Ke7 15. Rhd1 g6 16. Ng4 Nxe4 17. Nh6 Nxf2 18. R1d7+ Bxd7 19. Rxa8 Ne4 20. Ng8+
Kf8 21. Nd2 Nxd2 22. Kxd2 a6 23. Rd8 Bf5 24. a5 g5 25. Rb8 Bg6 26. Nxf6 Ke7 27.
Nxe8 Rxe8 28. Rxb7+ Kd6 29. Bxa6 Ra8 30. Rb6 Be8 31. b4 Kd5 32. Ke3 1-0

[Event "67th ch-RUS HL 2014"]
[Site "Vladivostok RUS"]
[Date "2014.06.13"]
[Round "9.22"]
[White "Usmanov, Vasily"]
[Black "Egorov, Dmitry"]
[Result "1-0"]
[BlackTitle "FM"]
[WhiteElo "2428"]
[BlackElo "2343"]
[WhiteFideId "4135741"]
[BlackFideId "4128303"]
[EventDate "2014.06.04"]

1. Nf3 Nf6 2. c4 e6 3. g3 b6 4. Bg2 Bb7 5. O-O Be7 6. Nc3 O-O 7. d4 d5 8. cxd5
exd5 9. Qc2 Nbd7 10. Rd1 Rc8 11. Nb5 a6 12. Na7 Ra8 13. Nc6 Bxc6 14. Qxc6 Bd6
15. Bf4 Qe7 16. e3 h6 17. Rac1 g5 18. Bxd6 cxd6 19. h4 gxh4 20. Nxh4 Qe6 21. Bf3
Ne4 22. Bxe4 dxe4 23. d5 Qh3 24. Qxd6 Kg7 25. Rc6 Rh8 26. Qe7 Rhf8 27. Rg6+ Kh7
28. Rd6 Qg4 29. Rd4 Rad8 30. Rxe4 Qd1+ 31. Kg2 Rde8 32. Qxd7 1-0

[Event "67th ch-RUS HL 2014"]
[Site "Vladivostok RUS"]
[Date "2014.06.13"]
[Round "9.23"]
[White "Rychkov, Oleg"]
[Black "Nazaretyan, Tigran"]
[Result "1-0"]
[WhiteTitle "FM"]
[WhiteElo "2333"]
[BlackElo "2195"]
[WhiteFideId "4122852"]
[BlackFideId "24162345"]
[EventDate "2014.06.04"]

1. Nf3 Nf6 2. g3 d5 3. Bg2 c6 4. O-O Bg4 5. c4 e6 6. cxd5 Bxf3 7. Bxf3 cxd5 8.
d3 Nc6 9. a3 Rc8 10. e3 Be7 11. Nd2 O-O 12. b4 Qb6 13. Rb1 a6 14. Nb3 Rfd8 15.
Bb2 e5 16. Na5 Bd6 17. Qa4 Rc7 18. g4 h6 19. h4 Ne7 20. Kg2 Qa7 21. Qd1 Qa8 22.
Nb3 Qc8 23. Rh1 e4 24. Be2 exd3 25. Bf3 Qe6 26. Nd4 Qd7 27. g5 Ne4 28. Qxd3 Ng6
29. Qe2 Re8 30. gxh6 Nc3 31. Qd3 Nxb1 32. Nf5 Be5 33. h5 Nf4+ 34. exf4 Bxb2 35.
Rxb1 Bf6 36. hxg7 Bxg7 37. Nxg7 Kxg7 38. h6+ Kxh6 39. Rh1+ Kg7 40. Qh7+ Kf8 41.
Qh6+ Ke7 42. Qg5+ Kd6 43. Qxd5+ Ke7 44. Qg5+ f6 45. Rh7+ Kd8 46. Qxf6+ Qe7 47.
Rxe7 Rexe7 48. Bg4 Rc6 49. Qh8+ Kc7 50. Qc8+ Kb6 51. Qd8+ Rcc7 52. Qd4+ Kb5 53.
Bd1 Kc6 54. b5+ Kxb5 55. Ba4+ 1-0

[Event "67th ch-RUS HL 2014"]
[Site "Vladivostok RUS"]
[Date "2014.06.13"]
[Round "9.24"]
[White "Muratov, Sergey"]
[Black "Kravtsov, Sergey"]
[Result "0-1"]
[WhiteTitle "FM"]
[BlackTitle "IM"]
[WhiteElo "2219"]
[BlackElo "2311"]
[WhiteFideId "4131355"]
[BlackFideId "4123816"]
[EventDate "2014.06.04"]

1. d4 Nf6 2. c4 c5 3. d5 b5 4. cxb5 a6 5. bxa6 g6 6. Nc3 Bxa6 7. Nf3 d6 8. g3
Bg7 9. Bg2 Nfd7 10. Qc2 Nb6 11. h4 h6 12. O-O N8d7 13. Rb1 Nc4 14. b3 Qa5 15.
Na4 Nce5 16. Bd2 Qc7 17. Rfe1 O-O 18. Nb2 Qa7 19. a4 Ng4 20. Bh3 h5 21. Nd1 Ndf6
22. e4 Nd7 23. Bc3 Nge5 24. Nxe5 Nxe5 25. Re3 Bc8 26. Bxc8 Rfxc8 27. Bxe5 Bxe5
28. Nb2 Bxb2 29. Rxb2 Qb7 30. Rc3 Qa6 31. Rb1 Rcb8 32. Rc4 Rb7 33. e5 Rab8 34.
e6 f5 35. Rc3 Rb4 36. Rd1 Qb7 37. Rdd3 Re4 38. Rc4 Re1+ 39. Kh2 Re5 40. Qd2 Kh7
41. Qf4 Rxd5 42. Rxd5 Qxd5 43. Qe3 Qb7 44. Qg5 Rf8 45. Rf4 Rf6 46. g4 hxg4 47.
h5 Qxb3 48. hxg6+ Rxg6 49. Qxe7+ Rg7 50. Qf6 g3+ 51. Kg2 gxf2+ 52. Kf1 Qd3+ 0-1